[Event "Paris-ch"]
[Site "Paris"]
[Date "1992.??.??"]
[Round "8"]
[White "Renaze, Luc"]
[Black "Van Doeland, Julius H"]
[Result "1-0"]
[WhiteElo "2240"]
[BlackElo "2295"]

1.d4 Nf6 2.c4 e6 3.Nf3 b6 4.g3 Ba6 5.Qc2 Bb7 6.Bg2 c5 7.O-O Nc6 8.dxc5 Bxc5
9.a3 O-O 10.Nc3 Be7 11.Rd1 a6 12.b3 h6 13.e4 Rc8 14.Qd3 d6 15.Bf4 e5 16.Be3 Nb8
17.Bh3 Nbd7 18.Nd2 Qc7 19.Rdc1 Rcd8 20.b4 Qb8 21.f3 Rfe8 22.Rc2 Bc8 23.Bf1 Nf8
24.Nd5 Nxd5 25.cxd5 Nd7 26.Nc4 Bg5 27.Bf2 h5 28.h4 Bh6 29.Kh2 g6 30.Bh3 Rf8
31.a4 f5 32.exf5 a5 33.bxa5 Nc5 34.Bxc5 bxc5 35.Rb2 Qa8 36.fxg6 Bxh3 37.Kxh3 e4
38.fxe4 Bg7 39.e5 dxe5 40.Qe4 Qxd5 41.Qxd5+ Rxd5 42.Rd2 Rxd2 43.Nxd2 e4 44.Re1 Bc3
45.Re2 Bxd2 46.Rxd2 Re8 47.g4 c4 48.a6 Kg7 49.gxh5 c3 50.Rd7+ Kf6 51.Rf7+ Ke6
52.Rc7 Kf5 53.Rxc3 e3 54.a7 e2 55.a8=Q Rxa8 56.Re3 Rxa4 57.Rxe2 Ra3+ 58.Kh2 Kg4
59.Rg2+ Kxh4 60.g7 Rh3+ 61.Kg1  1-0

[Event "BCF-ch"]
[Site "Plymouth"]
[Date "1992.??.??"]
[Round "11"]
[White "Hebden, Mark"]
[Black "Arkell, Keith C"]
[Result "1/2-1/2"]
[WhiteElo "2510"]
[BlackElo "2460"]

1.d4 Nf6 2.Nf3 e6 3.c4 b6 4.g3 Ba6 5.b3 b5 6.cxb5 Bxb5 7.Bg2 c5 8.O-O Bc6
9.Ba3 Na6 10.Qd2 Be7 11.Rc1 cxd4 12.Bxe7 Qxe7 13.Qa5 Nb4 14.Rc4 Bxf3 15.Bxf3 Nbd5
16.Rxd4 Qd8 17.Qd2 Rb8 18.e4 Ne7 19.e5 Nfd5 20.Bxd5 Nxd5 21.Nc3 Nxc3 22.Qxc3 O-O
23.Rad1 Rb7 24.Qd2 Qe7 25.Rxd7 Rxd7 26.Qxd7 Qa3 27.Rd2 h6 28.Kg2 a5 29.Rc2 Qb4
30.Rc4 Qe1 31.Qd4 Qe2 32.Ra4 Rc8 33.Qe4 Qd2 34.Qf3 g6 35.Qb7 Rd8 36.Qb5 Rd5
37.Qe8+ Kg7 38.Rf4 Rd7 39.h4 Qd5+ 40.Kh2 Rc7 41.Qa4 Rc2 42.Qe8  1/2-1/2

[Event "RUS-chT"]
[Site "Podolsk"]
[Date "1992.??.??"]
[Round "?"]
[White "Magerramov, Elmar"]
[Black "Aseev, Konstantin N"]
[Result "1-0"]
[WhiteElo "2565"]
[BlackElo "2560"]

1.d4 Nf6 2.c4 e6 3.Nf3 b6 4.g3 Ba6 5.b3 Bb4+ 6.Bd2 Be7 7.Bg2 Bb7 8.Nc3 O-O
9.O-O d5 10.cxd5 exd5 11.Rc1 Re8 12.Ne5 Na6 13.Bg5 c6 14.e3 Rc8 15.Re1 Nc7
16.e4 Ne6 17.Bxf6 Bxf6 18.exd5 cxd5 19.Bh3 g6 20.f4 a6 21.f5 Ng5 22.Bg2 Qd6
23.Qg4 Ne4 24.fxg6 hxg6 25.Nf3 Nxc3 26.Rxe8+ Rxe8 27.Rxc3 Re4 28.Qh3 Kg7
29.Bf1 Rxd4 30.Qg2 Rd1 31.Rd3 Qc5+ 32.Qf2 Rxd3 33.Bxd3 Qc1+ 34.Bf1 d4 35.Nxd4 Be7
36.Ne2 Qd2 37.Qxb6 Qd5  1-0

[Event "RUS-chT"]
[Site "Podolsk"]
[Date "1992.??.??"]
[Round "?"]
[White "Shipov, Sergei"]
[Black "Trofimov, Sergey"]
[Result "1/2-1/2"]
[WhiteElo "2460"]
[BlackElo "2235"]

1.d4 Nf6 2.c4 e6 3.Nf3 b6 4.g3 Ba6 5.b3 Bb4+ 6.Bd2 Be7 7.Bg2 d5 8.cxd5 exd5
9.Nc3 O-O 10.O-O Bb7 11.Qc2 Na6 12.Rfd1 Re8 13.Bg5 c6 14.Rac1 Rc8 15.Qb2 h6
16.Bxf6 Bxf6 17.b4 Nc7 18.a4 Qe7 19.e3 Red8 20.Ne1 Ne6 21.Qb3 Qd7 22.Nd3 Ba8
23.Ne2 g5 24.h3 Bb7 25.Nc3 Bg7 26.Qa2 c5 27.bxc5 bxc5 28.Nxc5 Nxc5 29.dxc5 Rxc5
30.Nb5 Rxc1 31.Rxc1 Bc6 32.Nxa7 Bxa4 33.Nc8 Rxc8 34.Rxc8+ Qxc8 35.Qxa4 Qd8
36.Qb3 d4 37.exd4 Bxd4 38.Bd5  1/2-1/2

[Event "RUS-chT"]
[Site "Podolsk"]
[Date "1992.??.??"]
[Round "?"]
[White "Tunik, Gennady"]
[Black "Epishin, Vladimir"]
[Result "0-1"]
[WhiteElo "2450"]
[BlackElo "2620"]

1.d4 Nf6 2.c4 e6 3.Nf3 b6 4.g3 Ba6 5.b3 Bb7 6.Bg2 Bb4+ 7.Bd2 c5 8.O-O O-O
9.Bxb4 cxb4 10.a3 Na6 11.Ne5 d5 12.Nd2 bxa3 13.Rxa3 Nb4 14.Nd3 Nxd3 15.exd3 a5
16.Qa1 b5 17.Rc1 b4 18.Ra2 Ra7 19.c5 Bc6 20.Nf3 Nd7 21.Qb2 f6 22.h4 Re8 23.Bh3 Nb8
24.Kh2 Bb5 25.Re1 Rae7 26.Re3 Nc6 27.Ra1 e5 28.dxe5 fxe5 29.d4 e4 30.Ng1 Rf7
31.Bf1 Ref8 32.Nh3 Bxf1 33.Rxf1 h6 34.Nf4 Rxf4 35.gxf4 Rxf4 36.Kg2 Qxh4 37.Rg3 Qf6
38.Rd1 h5 39.Qd2 h4 40.Rh3 g5 41.Kg1 Kg7 42.Kg2 Qf5 43.Rc1 Kg6 44.Qe3 Kh5
45.Rch1 Qf6 46.Qd2 Rg4+ 47.Kf1 Nxd4 48.Qd1 Nf3 49.Rg3 Rxg3 50.fxg3 d4 51.Qe2 d3
52.Qe3 h3 53.Rxh3+ Kg4 54.Rh7 Qa1+ 55.Kg2 Qb2+ 56.Qf2 d2 57.Rh1 Qc2 58.c6 d1=Q
59.Rxd1 Qxd1 60.c7 Qc1 61.Qb6 Qc2+ 62.Kf1 Qd1+ 63.Kg2 Qc2+ 64.Kf1 Qc1+ 65.Kg2 Ne1+
66.Kh1 Nd3+ 67.Kh2 Qc2+ 68.Kh1 Kf3  0-1

[Event "RUS-chT"]
[Site "Podolsk"]
[Date "1992.??.??"]
[Round "?"]
[White "Tunik, Gennady"]
[Black "Nikolenko, Oleg"]
[Result "1-0"]
[WhiteElo "2450"]
[BlackElo "2465"]

1.d4 Nf6 2.c4 e6 3.Nf3 b6 4.g3 Ba6 5.b3 d5 6.Bg2 dxc4 7.Ne5 Bb4+ 8.Kf1 Nfd7
9.a3 Be7 10.Nxf7 Kxf7 11.Bxa8 c6 12.Nd2 b5 13.Nf3 Rf8 14.bxc4 bxc4 15.Qc2 Kg8
16.Qe4 Kh8 17.h4 e5 18.Bg5 c3 19.dxe5 Nc5 20.Qe3 Nb3 21.Kg2 Nxa1 22.Rxa1 Bc4
23.Rc1 Bxg5 24.hxg5 Bd5 25.Rxc3 Qe7 26.Qd4 Rd8 27.e4 Bf7 28.Qc5 Qxc5 29.Rxc5 Bg6
30.Rc4 Kg8 31.e6 Re8 32.Ne5 Rxe6 33.Nxg6 hxg6 34.f4 Rd6 35.e5 Rd2+ 36.Kh3 Ra2
37.Bxc6 Nxc6 38.Rxc6 Rxa3 39.Rxg6 Rb3 40.Ra6 Rb7 41.g6 Kf8 42.Kg4 Rc7 43.Kg5 Rb7
44.g4 Rc7 45.f5 Rc5 46.Rxa7 Rxe5 47.Ra8+ Re8 48.Rxe8+ Kxe8 49.f6 gxf6+ 50.Kh6  1-0

[Event "Rubinstein mem"]
[Site "Polanica Zdroj"]
[Date "1992.??.??"]
[Round "5"]
[White "Chernin, Alexander"]
[Black "Dorfman, Josif D"]
[Result "1/2-1/2"]
[WhiteElo "2600"]
[BlackElo "2610"]

1.d4 Nf6 2.c4 e6 3.Nf3 b6 4.g3 Ba6 5.b3 Bb7 6.Bg2 Bb4+ 7.Bd2 a5 8.O-O O-O
9.Nc3 Re8 10.Re1 Na6 11.Qc2 d5 12.cxd5 exd5 13.a3 Be7 14.Bc1 c5 15.Bb2 Ne4
16.e3 Rc8 17.Bh3 Rc7 18.Nb5 Rc6 19.Ne5 Rh6 20.Bg2 Nc7 21.Nc3 Nxc3 22.Bxc3 Bd6
23.Nc4 Bf8 24.dxc5 Bxc5 25.Ne5 Nb5 26.Bb2 Qe7 27.a4 Nc7 28.Nd3 Bd6 29.Bd4 Na6
30.Qb2 Qg5 31.Rac1 Bf8 32.Qe2 Qf5 33.Red1 Rc8 34.Rxc8 Qxc8 35.Qd2 Rc6 36.Rc1 Rxc1+
37.Qxc1 Qxc1+ 38.Nxc1 Bc5 39.Ne2  1/2-1/2

[Event "Ponferrada op"]
[Site "Ponferrada"]
[Date "1992.??.??"]
[Round "?"]
[White "Gomez Esteban, Juan Mario"]
[Black "Garcia Padron, Jose"]
[Result "0-1"]
[WhiteElo "2425"]
[BlackElo "2435"]

1.d4 Nf6 2.c4 e6 3.Nf3 b6 4.g3 Ba6 5.b3 Bb7 6.Bg2 Bb4+ 7.Bd2 a5 8.O-O O-O
9.a3 Bxd2 10.Qxd2 d5 11.Nc3 Na6 12.Ne5 c5 13.Rfd1 Qe7 14.cxd5 exd5 15.e3 Rfd8
16.Qb2 Ne4 17.Rac1 Rac8 18.Bh3 cxd4 19.Nxe4 Rxc1 20.Qxc1 dxe3 21.Qxe3 dxe4
22.Rxd8+ Qxd8 23.Bf1 Qc7 24.Qd4 Nc5 25.Bc4 Ne6 26.Bxe6 fxe6 27.Qd7 Qxd7 28.Nxd7 b5
29.Nc5 Bd5 30.b4 axb4 31.axb4 Kf7 32.Kf1 Kf6 33.Ke2 Bc6 34.Ke3 Ke5 35.h4 h6
36.Nb3 Kd5 37.Nd2 e5 38.Nxe4 Kc4 39.Nd6+ Kxb4 40.Nf5 Kc3  0-1

[Event "Ponferrada op"]
[Site "Ponferrada"]
[Date "1992.??.??"]
[Round "?"]
[White "Villavicencio, Adalberto"]
[Black "Garcia Padron, Jose"]
[Result "1/2-1/2"]
[WhiteElo "2330"]
[BlackElo "2435"]

1.d4 Nf6 2.Nf3 e6 3.c4 b6 4.g3 Ba6 5.b3 b5 6.cxb5 Bxb5 7.Bg2 Bc6 8.O-O a5
9.Nc3 Bb4 10.Bd2 O-O 11.Qc2 Qc8 12.Rfc1 Qb7 13.Ne1 Bxg2 14.Nxg2 Nc6 15.Be3 Bxc3
16.Qxc3 a4 17.Nf4 axb3 18.axb3 Rxa1 19.Rxa1 Rb8 20.Rb1 Qb5 21.f3 Nd5 22.Nxd5 Qxd5
23.Bf2 Qb5 24.Rb2 h6 25.Kg2 Qa6 26.b4 Qa1 27.Qd2 Qa4 28.d5 Nxb4 29.dxe6 fxe6
30.Qf4 Qa3 31.Qxc7 Qxb2 32.Qxb8+ Kh7 33.Qb5 Qd2 34.h4 Nd5 35.Qb1+ Kg8 36.Qb8+ Kf7
37.Qb5 Nc3 38.Qb4 Qc2 39.Qc4 Qd2 40.Qb4 Qc2 41.Qd6 Qxe2 42.Qxd7+ Kg6 43.Qe8+ Kh7
44.h5 Nd1 45.Qg6+  1/2-1/2

[Event "Porz op28"]
[Site "Porz"]
[Date "1992.??.??"]
[Round "3"]
[White "Mowsziszian, Karen"]
[Black "Hengelbrock, Joachim"]
[Result "1-0"]
[WhiteElo "2435"]
[BlackElo "2230"]

1.d4 Nf6 2.c4 e6 3.Nf3 b6 4.g3 Ba6 5.b3 c6 6.Bg2 d5 7.Nbd2 Bd6 8.O-O O-O
9.Re1 Nbd7 10.e4 Ne8 11.Bb2 Nc7 12.Rc1 Rc8 13.a3 Re8 14.b4 Bf8 15.Qb3 Bb7
16.a4 a6 17.h4 g6 18.c5 dxe4 19.Nxe4 Nd5 20.Ne5 f5 21.Nxd7 Qxd7 22.Qxd5 Qxd5
23.Nf6+ Kf7 24.Bxd5 Kxf6 25.Bxe6  1-0

[Event "Porz"]
[Site "Porz"]
[Date "1992.??.??"]
[Round "4"]
[White "Chuchelov, Vladimir"]
[Black "Lau, Ralf"]
[Result "0-1"]
[WhiteElo "2490"]
[BlackElo "2520"]

1.d4 Nf6 2.Nf3 e6 3.c4 b6 4.g3 Ba6 5.b3 Bb7 6.Bg2 Bb4+ 7.Bd2 c5 8.O-O O-O
9.Bxb4 cxb4 10.Nbd2 d6 11.Re1 Nbd7 12.a3 bxa3 13.b4 a5 14.Qb3 axb4 15.Qxb4 Qc7
16.Rxa3 Rxa3 17.Qxa3 Ra8 18.Qb2 Ne4 19.Bh3 Ndf6 20.Rb1 Ra6 21.Rc1 h6 22.Nf1 Qb8
23.Ne3 Qa8 24.Rb1 Nxf2 25.Kxf2 Bxf3 26.d5 Be4 27.Rc1 e5 28.Qb4 Qd8 29.Nd1 Qc7
30.Nc3 Qc5+ 31.Qxc5 bxc5 32.Bg2 Ng4+ 33.Kg1 Bxg2 34.Kxg2 Ne3+ 35.Kf2 Nxc4
36.Ne4 Ra4 37.Rb1 f5 38.Rb8+ Kh7 39.Nc3 Rb4 40.Rf8 Rb3  0-1

[Event "CSR-ch"]
[Site "Prague"]
[Date "1992.??.??"]
[Round "1"]
[White "Chloupek, Stanislav"]
[Black "Stohl, Igor"]
[Result "0-1"]
[WhiteElo "2300"]
[BlackElo "2560"]

1.d4 Nf6 2.c4 e6 3.Nf3 b6 4.g3 Ba6 5.b3 b5 6.cxb5 Bxb5 7.Bg2 a5 8.O-O Bc6
9.Ba3 Bb4 10.Bb2 O-O 11.a3 Be7 12.Nbd2 Bb7 13.Rc1 d5 14.Ne5 Nfd7 15.Nd3 Na6
16.e4 dxe4 17.Nxe4 Rb8 18.Nf4 Nf6 19.Nxf6+ Bxf6 20.Bxb7 Rxb7 21.Rc6 Rb6 22.Rxb6 cxb6
23.Nh5 Nc7 24.Nxf6+ Qxf6 25.Qc2 Nd5 26.Rc1 Qf3 27.Qd1 Qe4 28.Qc2 Qg4 29.Qd1 Qxd1+
30.Rxd1 Rb8 31.Rc1 Kf8 32.Kf1 Ke8 33.Ke2 Kd7 34.Kd3 g5 35.f3 h5 36.Rc2 g4
37.Rf2 f5 38.Bc1 b5 39.fxg4 hxg4 40.Bf4 Rc8 41.Bd2 a4 42.bxa4 bxa4 43.Bb4 Rc1
44.Rb2 Nf6 45.Bc5 Ne4 46.Rb7+ Kc6 47.Rb6+ Kc7 48.Rxe6 Rxc5 49.dxc5 Nxc5+
50.Kd4 Nxe6+ 51.Ke5 Kd7 52.Kxf5 Nd4+ 53.Kxg4 Nb5 54.Kf4 Nxa3 55.Ke4 Nc4 56.Kd3 a3  0-1

[Event "Rishon Le Ziyyon"]
[Site "Rishon Le Ziyyon"]
[Date "1992.??.??"]
[Round "8"]
[White "Hebden, Mark"]
[Black "Soffer, Ram"]
[Result "1/2-1/2"]
[WhiteElo "2510"]
[BlackElo "2450"]

1.d4 Nf6 2.Nf3 e6 3.c4 b6 4.g3 Ba6 5.b3 Bb7 6.Bg2 Bb4+ 7.Bd2 a5 8.O-O O-O
9.Nc3 d6 10.Qc2 Nbd7 11.Rad1 Bxc3 12.Bxc3 Be4 13.Qc1 Qb8 14.Qg5 Qb7 15.Qh4 a4
16.b4 b5 17.c5 Qd5 18.a3 h6 19.Bb2 Qf5 20.Rc1 Rfc8 21.d5 Bxf3 22.Bxf3 exd5
23.Bg2 Re8 24.cxd6 cxd6 25.Bxf6 Nxf6 26.Qd4 Rxe2 27.Qb6 Qd3 28.Qxd6 Re6 29.Qf4 Qxa3
30.Qd4 Qa2 31.Rfd1 a3 32.Bf1 Re4 33.Qc5 Qb2 34.Rb1 Qe5 35.Bd3 Qe7 36.Qxb5 Re5
37.Ra1 a2 38.Qc6 Qa7 39.Rd2 Rb8 40.Rdxa2 Qd4 41.Qc7 Rbe8 42.Ra8 Ne4 43.Bxe4 dxe4
44.Qc6 Rxa8 45.Qxa8+ Kh7 46.Qa7 Qxb4  1/2-1/2

[Event "San Bernardino op"]
[Site "San Bernardino"]
[Date "1992.??.??"]
[Round "5"]
[White "Chernin, Alexander"]
[Black "Epishin, Vladimir"]
[Result "1/2-1/2"]
[WhiteElo "2600"]
[BlackElo "2630"]

1.d4 Nf6 2.c4 e6 3.Nf3 b6 4.g3 Ba6 5.b3 d5 6.Bg2 Nbd7 7.cxd5 Bb4+ 8.Bd2 Bxd2+
9.Qxd2 Nxd5 10.O-O O-O 11.Re1 c5 12.e4 Nb4 13.Na3 Nd3 14.Re3 Nb4 15.Rd1 Nf6
16.Nc4 Qc7 17.a3 Nc6 18.e5 Nd5 19.Ree1 Rad8 20.dxc5 bxc5 21.Qc2 Nd4 22.Nxd4 cxd4
23.Re4 Nb6 24.h4 Nd7 25.Rexd4  1/2-1/2

[Event "Simferopol (Women)"]
[Site "Simferopol"]
[Date "1992.??.??"]
[Round "26"]
[White "Belakovskaia, Anjelina"]
[Black "Litinskaya, Marta I"]
[Result "1/2-1/2"]
[WhiteElo "2290"]
[BlackElo "2370"]

1.d4 Nf6 2.c4 e6 3.Nf3 b6 4.g3 Ba6 5.b3 Bb4+ 6.Bd2 Be7 7.Bg2 c6 8.Bc3 d5
9.Ne5 Nfd7 10.Nxd7 Nxd7 11.Nd2 Rc8 12.O-O O-O 13.e4 b5 14.Re1 dxc4 15.bxc4 Nb6
16.Rc1 Ba3 17.Rc2 bxc4 18.Ba1 Bb5 19.Qg4 f5 20.Qh5 Ba4 21.Rxc4 Nxc4 22.Nxc4 Be7
23.exf5 exf5 24.Qe2 Rc7 25.Bc3 Qc8 26.Ba5 Rb7 27.d5 Kh8 28.d6 Bf6 29.Ne5 Qb8
30.Bc7 Rxc7 31.dxc7 Qxc7 32.Qc4 Bxe5 33.Qxa4 c5 34.Qc6 Qxc6 35.Bxc6 Bd4 36.Re8 Rxe8
37.Bxe8 c4 38.Bb5 c3 39.Bd3 g6 40.Kg2 Kg7 41.Bc2 Kf6 42.h3 Ke5 43.f4+ Kd5
44.Kf3 Kc4 45.g4 fxg4+ 46.hxg4 Bg7 47.g5 Kb4 48.f5 Ka3 49.Ke2 Kxa2 50.Kd1 Kb2
51.fxg6 hxg6 52.Bxg6 Be5 53.Bc2 Bf4 54.g6 Bh6 55.Bf5 a6 56.Bc2 a5 57.Ba4 Ka3
58.Bc2 a4 59.g7 Bxg7 60.Kc1 Kb4  1/2-1/2

[Event "SLO-ch"]
[Site "?"]
[Date "1992.??.??"]
[Round "?"]
[White "Osterman, Rudolf"]
[Black "Grosar, Aljosa"]
[Result "1/2-1/2"]
[WhiteElo "2370"]
[BlackElo "2415"]

1.d4 Nf6 2.Nf3 e6 3.c4 b6 4.g3 Ba6 5.b3 Bb4+ 6.Bd2 Be7 7.Bg2 Bb7 8.O-O O-O
9.Nc3 d5 10.Ne5 Na6 11.cxd5 exd5 12.e3 Qc8 13.a3 c5 14.Qe2 Rd8 15.Rfc1  1/2-1/2

[Event "St Martin op"]
[Site "St Martin"]
[Date "1992.??.??"]
[Round "6"]
[White "Zaltsman, Vitaly F"]
[Black "Arnason, Jon L"]
[Result "0-1"]
[WhiteElo "2465"]
[BlackElo "2515"]

1.d4 Nf6 2.Nf3 e6 3.c4 b6 4.g3 Ba6 5.b3 Bb7 6.Bg2 Bb4+ 7.Bd2 a5 8.O-O O-O
9.Nc3 d6 10.Qc2 Nbd7 11.Rad1 Qb8 12.Rfe1 Bxc3 13.Bxc3 Be4 14.Qb2 Qb7 15.d5 e5
16.Bh3 b5 17.Ng5 Bg6 18.Rc1 Rfb8 19.f4 Qb6+ 20.e3 b4 21.Bxe5 dxe5 22.fxe5 Nc5
23.exf6 Nd3 24.Qd4 Qxd4 25.exd4 gxf6 26.Nf3 a4 27.c5 axb3 28.axb3 Nxc1 29.Rxc1 Be4
30.d6 Bxf3 31.dxc7 Re8 32.Rc4 Bb7 33.Rxb4 Ra1+ 34.Kf2 Ra2+ 35.Kg1 Ra1+ 36.Kf2 Ra2+
37.Kg1 Re1+ 38.Bf1 Ba6 39.Rc4 Raa1 40.Kg2 Ra2+ 41.Kg1 Rd2 42.c6 Rb1 43.b4 Kg7
44.b5 Bc8 45.g4 Bxg4 46.d5 Bf3  0-1

[Event "St Petersburg"]
[Site "St Petersburg"]
[Date "1992.??.??"]
[Round "?"]
[White "Butnorius, Algimantas"]
[Black "Lerner, Konstantin Z"]
[Result "1/2-1/2"]
[WhiteElo "2425"]
[BlackElo "2515"]

1.Nf3 Nf6 2.c4 b6 3.d4 e6 4.g3 Ba6 5.b3 Bb4+ 6.Bd2 Be7 7.Bg2 c6 8.O-O d5
9.Ne5 Nfd7 10.Nxd7 Nxd7 11.Bc3 O-O 12.Nd2 Rb8 13.a4 Nf6 14.e4 c5 15.exd5 exd5
16.Re1 Bb7 17.dxc5 Bxc5 18.Be5 Rc8 19.cxd5 Bxd5 20.Bxd5 Nxd5 21.Ne4 Re8 22.Nxc5 bxc5
23.Qf3 Qd7 24.Rad1 Rcd8 25.Bc3 Rxe1+ 26.Bxe1 Qd6 27.h4 h6 28.h5 Qe5 29.Ba5 Rd6
30.Qd3 Rd7 31.Re1 Nf6 32.Qf3 Qd5 33.Qxd5 Rxd5 34.Bc3 Nxh5 35.Re8+ Kh7 36.Re7 Rd3
37.Be5 Kg6 38.Rxa7 Rxb3 39.a5 c4 40.Rc7 Ra3 41.Rc5 Nf6 42.Rc6 Rxa5  1/2-1/2

[Event "St Petersburg-ch op"]
[Site "St Petersburg"]
[Date "1992.??.??"]
[Round "?"]
[White "Ionov, Sergey"]
[Black "Solozhenkin, Evgeniy"]
[Result "1-0"]
[WhiteElo "2500"]
[BlackElo "2450"]

1.d4 Nf6 2.c4 e6 3.Nf3 b6 4.g3 Ba6 5.b3 Bb4+ 6.Bd2 Be7 7.Bg2 c6 8.Bc3 d5
9.Nbd2 Nbd7 10.O-O O-O 11.Re1 b5 12.c5 Ne4 13.Nxe4 dxe4 14.Ne5 Nxe5 15.dxe5 Bxc5
16.Bxe4 Rc8 17.Qc2 h6 18.Red1 Qc7 19.Bd4 Bxd4 20.Rxd4 c5 21.Rd6 Bb7 22.Bxb7 Qxb7
23.a4 a6 24.a5 c4 25.b4 c3 26.Ra3 Qc7 27.Rd3 Qxe5 28.Raxc3 Rxc3 29.Rxc3 Qd4
30.Rc6 Qxb4 31.Rxa6 Rd8 32.Kg2 h5 33.h4 g6 34.Ra7 Kg7 35.Qc6 Qd4 36.Rb7 Rd5
37.Qxe6 Rf5 38.f4 b4 39.Qe7 Qd5+  1-0

[Event "St Petersburg op"]
[Site "St Petersburg"]
[Date "1992.??.??"]
[Round "?"]
[White "Nikolaev, Sergej"]
[Black "Maksimenko, Andrei"]
[Result "1/2-1/2"]
[WhiteElo "2425"]
[BlackElo "2455"]

1.d4 Nf6 2.c4 e6 3.Nf3 b6 4.g3 Ba6 5.b3 d5 6.cxd5 exd5 7.Bg2 Bb4+ 8.Bd2 Bxd2+
9.Qxd2 O-O 10.Nc3 Re8 11.Ne5 Bb7 12.O-O Na6 13.Rac1 c5 14.f4 Qc7 15.dxc5 Nxc5
16.Rfd1  1/2-1/2

[Event "SWZ-GP Suhr"]
[Site "Suhr"]
[Date "1992.??.??"]
[Round "5"]
[White "Zueger, Beat"]
[Black "Csom, Istvan"]
[Result "1/2-1/2"]
[WhiteElo "2420"]
[BlackElo "2490"]

1.d4 Nf6 2.c4 e6 3.Nf3 b6 4.g3 Ba6 5.b3 b5 6.cxb5 Bxb5 7.Bg2 Bb4+ 8.Bd2 a5
9.a3 Be7 10.Nc3 Bc6 11.Qc2 Qc8 12.e4 d5 13.O-O dxe4 14.Ne5 Bb7 15.Nxe4 O-O
16.Bg5 Ra7 17.Rfc1 Bd5 18.Nxf6+ gxf6 19.Bxd5 exd5 20.Bh4 c5 21.Nd3 Nc6 22.Nxc5 Nxd4
23.Qd1 Rc7 24.Qxd4 Rxc5 25.Re1 Bd8 26.Bxf6 Bxf6 27.Qxf6 Qc6 28.Qd4 Rb5 29.Re5 h6
30.Rd1 Rxb3 31.Rxd5 Rxa3 32.Rd6 Qc3 33.Qxc3 Rxc3 34.Rxh6 Ra8 35.h4 a4 36.Rhd6 Kg7
37.Ra1 a3 38.Kf1 Rc2 39.Ke1 Rb2 40.Rd2 Rb3 41.Ke2 Ra5 42.Kd1 Rf3 43.Ke2 Rb3
44.Raa2 Rc5 45.Rd3 Rb2+ 46.Rxb2 axb2 47.Rb3 Rc2+ 48.Kd3 Rxf2 49.Kc3 Rg2 50.Rxb2 Rxg3+
51.Kd4 Rg4+ 52.Ke5 Rxh4 53.Rg2+ Kf8 54.Kf5 Rh1 55.Rf2 Rg1 56.Kf6 Rg6+ 57.Kf5 Kg7
58.Ra2 Rg1 59.Ra7 Rb1 60.Kg5 Rb5+ 61.Kf4 Kg6 62.Ra4 f6 63.Kg4 Rb1 64.Ra6 Rb4+
65.Kf3 Kg5 66.Ra3 f5 67.Rc3 Rh4 68.Kg3 Rg4+ 69.Kf3  1/2-1/2

[Event "SWZ-GP Suhr"]
[Site "Suhr"]
[Date "1992.??.??"]
[Round "8"]
[White "Giertz, Niklaus"]
[Black "Sutter, Oliver"]
[Result "1/2-1/2"]
[WhiteElo "2255"]
[BlackElo "2295"]

1.d4 e6 2.Nf3 Nf6 3.c4 b6 4.g3 Ba6 5.b3 Bb4+ 6.Bd2 Be7 7.Bg2 c6 8.O-O O-O
9.Bc3 d5 10.Ne5 Nfd7 11.Nxd7 Nxd7 12.Nd2 Rc8 13.e4 c5 14.exd5 exd5 15.dxc5 dxc4
16.c6 cxb3 17.Re1 Bb5 18.Nxb3 Bxc6 19.Bxg7 Kxg7 20.Nd4 Bxg2 21.Nf5+ Kh8 22.Rxe7 Bh3
23.Qd4+ Ne5 24.Qxe5+ f6 25.Qe2 Bxf5 26.Rd1 Bg4 27.Rxd8 Bxe2 28.Rxf8+ Rxf8
29.Rxe2 Rf7 30.Kg2 Kg7 31.Kf3 Kg6  1/2-1/2

[Event "SWZ-ch int"]
[Site "?"]
[Date "1992.??.??"]
[Round "1"]
[White "Kishnev, Sergey"]
[Black "Huss, Andreas"]
[Result "1-0"]
[WhiteElo "2530"]
[BlackElo "2385"]

1.d4 e6 2.c4 Nf6 3.Nf3 b6 4.g3 Ba6 5.b3 Bb4+ 6.Bd2 Be7 7.Bg2 c6 8.Bc3 d5
9.Nbd2 Nbd7 10.O-O O-O 11.Re1 c5 12.e4 Nxe4 13.Nxe4 dxe4 14.Rxe4 Bb7 15.Re2 Bf6
16.Rd2 Qe7 17.Qc2 Rad8 18.Rad1 Bxf3 19.Bxf3 cxd4 20.Bxd4 Bxd4 21.Rxd4 Nf6
22.Qd2 Rxd4 23.Qxd4 Rc8 24.Bg2 Kf8 25.f4 Qc5 26.Qxc5+ Rxc5 27.Rd8+ Ke7 28.Ra8 Rc7
29.Bf3 h5 30.Kf2 Kd6 31.Ke3 e5 32.h3 exf4+ 33.gxf4 Kc5 34.a3 a5 35.Kd3 g6
36.Kc3 Kd6 37.Kd4 Ke6 38.Ra6 Nd7 39.Bd5+ Kf5 40.Ke3 Nc5 41.Rxb6 Re7+ 42.Kd4 Ne4
43.Rb7  1-0

[Event "SWZ-ch int"]
[Site "?"]
[Date "1992.??.??"]
[Round "7"]
[White "Zueger, Beat"]
[Black "Brunner, Lucas"]
[Result "1/2-1/2"]
[WhiteElo "2440"]
[BlackElo "2490"]

1.d4 Nf6 2.Nf3 e6 3.c4 b6 4.g3 Ba6 5.b3 Bb7 6.Bg2 Bb4+ 7.Bd2 c5 8.O-O O-O
9.dxc5 Bxc5 10.Nc3 Ne4 11.Ne5 Nxc3 12.Bxc3 Bxg2 13.Kxg2 Qc7 14.Qd2 Be7 15.Rac1 d6
16.Ng4 Nd7 17.Qd4 Nf6 18.Qf4 Qb7+ 19.f3 Ne8 20.Rfd1  1/2-1/2

[Event "SWZ-ch int"]
[Site "?"]
[Date "1992.??.??"]
[Round "9"]
[White "Kishnev, Sergey"]
[Black "Zueger, Beat"]
[Result "1/2-1/2"]
[WhiteElo "2530"]
[BlackElo "2440"]

1.d4 e6 2.c4 Nf6 3.Nf3 b6 4.g3 Ba6 5.Nbd2 Bb4 6.Qc2 Bb7 7.Bg2 Be4 8.Qb3 c5
9.O-O Bxd2 10.Bxd2 Nc6 11.dxc5 bxc5 12.Qe3 Qe7 13.Bc3 Bxf3 14.Bxf3 Rc8 15.Rad1 O-O
16.g4 d6 17.g5 Nd7 18.Kh1 Nde5 19.Be4 Ng6 20.Rg1 e5 21.Qd3 Rfd8 22.e3 Nb4
23.Qb1 Nf8 24.a3 Nc6 25.Rg3 g6 26.h4 f5 27.Bd5+ Ne6 28.f4 Qf7 29.fxe5 dxe5
30.Rg2 Ne7 31.Bxe5 Nxd5 32.cxd5 Nf8 33.Qd3 Nd7 34.Bf4 Re8 35.Qa6 Nb6 36.d6 Qd7
37.Kh2 c4 38.Qa5 Re4 39.Rgd2 c3 40.bxc3 Ra4 41.Qe5 Re4 42.Qa5 Ra4 43.Qe5 Re4
44.Qa5  1/2-1/2

[Event "SWZ-ch int"]
[Site "?"]
[Date "1992.??.??"]
[Round "10"]
[White "Horvath, Jozsef"]
[Black "Bischoff, Klaus"]
[Result "1/2-1/2"]
[WhiteElo "2505"]
[BlackElo "2510"]

1.d4 e6 2.c4 Nf6 3.Nf3 b6 4.g3 Ba6 5.b3 Bb4+ 6.Bd2 Be7 7.Bg2 c6 8.Bc3 d5
9.Nbd2 Nbd7 10.O-O O-O 11.Re1 c5 12.e4 dxc4 13.bxc4 cxd4 14.Nxd4 Ne5 15.Nxe6  1/2-1/2

[Event "SWZ-ch int"]
[Site "?"]
[Date "1992.??.??"]
[Round "11"]
[White "Kishnev, Sergey"]
[Black "Brunner, Lucas"]
[Result "1/2-1/2"]
[WhiteElo "2530"]
[BlackElo "2490"]

1.d4 Nf6 2.c4 e6 3.Nf3 b6 4.g3 Ba6 5.b3 Bb7 6.Bg2 Bb4+ 7.Bd2 c5 8.O-O O-O
9.Bxb4 cxb4 10.a3 Na6 11.axb4 Nxb4 12.Nc3 Ne4 13.Nxe4 Bxe4 14.Ne1 Bxg2 15.Kxg2  1/2-1/2

[Event "Tampere"]
[Site "Tampere"]
[Date "1992.??.??"]
[Round "7"]
[White "Manninen, Marko"]
[Black "Veingold, Aleksandr"]
[Result "0-1"]
[WhiteElo "2450"]
[BlackElo "2465"]

1.d4 Nf6 2.c4 e6 3.Nf3 b6 4.g3 Ba6 5.Nbd2 Bb4 6.Qc2 Bb7 7.Bg2 Be4 8.Qb3 Bxd2+
9.Bxd2 d6 10.O-O Nbd7 11.Rfd1 O-O 12.Bh3 Qe7 13.Nh4 c5 14.Qe3 cxd4 15.Qxd4 Rfd8
16.Rac1 h6 17.Bc3 Nc5 18.Qe3 a5 19.f3 Bh7 20.Nf5 Bxf5 21.Bxf5 d5 22.Bd3 Rd7
23.Bd4 Nxd3 24.Qxd3 dxc4 25.Bxf6 Qc5+ 26.Bd4 cxd3 27.Bxc5 bxc5 28.Rxd3 Rxd3
29.exd3 Rd8 30.Rc3 Rb8 31.Rxc5 Rxb2 32.Rxa5 Rb1+ 33.Kg2 Rb2+ 34.Kg1 Rb1+
35.Kf2 Rb2+ 36.Ke3 Rxh2 37.Ra8+ Kh7 38.a4 h5 39.a5 Ra2 40.Kd4 g5 41.Kc5 h4
42.gxh4 gxh4 43.Kb6 Rb2+ 44.Ka7 h3 45.Rc8  0-1

[Event "Tampere"]
[Site "Tampere"]
[Date "1992.??.??"]
[Round "9"]
[White "Manninen, Marko"]
[Black "Solozhenkin, Evgeniy"]
[Result "0-1"]
[WhiteElo "2450"]
[BlackElo "2450"]

1.d4 Nf6 2.c4 e6 3.Nf3 b6 4.g3 Ba6 5.Nbd2 Bb7 6.Bg2 c5 7.dxc5 Bxc5 8.O-O Be7
9.Nb3 O-O 10.Be3 d6 11.h3 Nbd7 12.Nbd4 a6 13.Rc1 Rc8 14.a3 Qc7 15.b4 Rfd8
16.Qb3 Qb8 17.Nd2 d5 18.Bg5 h6 19.cxd5 hxg5 20.dxe6 Ne5 21.Bxb7 Qxb7 22.N2f3 Nxf3+
23.Nxf3 Qd5 24.exf7+ Qxf7 25.Qxf7+ Kxf7 26.Nxg5+ Kg6 27.Ne6 Rxc1 28.Rxc1 Rd6
29.Nf4+ Kf7 30.Nd3 a5 31.Rc4 axb4 32.axb4 Re6 33.Kf1 Ke8 34.f4 Ne4 35.Rc8+ Kd7
36.Rg8 Bf6 37.g4 Ng3+ 38.Kf2 Ne4+ 39.Kf3 Nd2+ 40.Kf2 Bh4+ 41.Kg1 Bf6 42.Kf2 Bd4+
43.Ke1 Ne4 44.h4 Re7 45.f5 Nf6  0-1

[Event "Warsaw op"]
[Site "Warsaw"]
[Date "1992.??.??"]
[Round "2"]
[White "Khaludrov, Eduard"]
[Black "Savon, Vladimir A"]
[Result "0-1"]
[WhiteElo "2290"]
[BlackElo "2440"]

1.d4 Nf6 2.c4 e6 3.Nf3 b6 4.g3 Ba6 5.b3 Bb7 6.Nc3 d5 7.Bg2 Bb4 8.Bd2 dxc4
9.bxc4 c5 10.a3 Bxc3 11.Bxc3 cxd4 12.Bxd4 O-O 13.Qb3 Nc6 14.Bc3 Ne4 15.Rd1 Qc7
16.Ba1 Na5 17.Qb2 f6 18.Nd4 Nc5 19.Bxb7 Qxb7 20.O-O Rfd8 21.Qc2 e5 22.Nf5 Qe4
23.Qxe4 Nxe4 24.f4 exf4 25.Rxd8+ Rxd8 26.gxf4 Nxc4 27.Bd4 g6 28.Rc1 b5 29.Ne7+ Kf7
30.Nc6 Rd6 31.Nxa7 Nxa3 32.e3 b4 33.Rc7+ Ke6 34.Rb7 Nc2 35.Nb5 Rc6 36.Rxh7 Kd5
37.Rd7+ Kc4 38.Na7 Ra6 39.Rc7+ Kd3 40.Nb5 Nxd4 41.exd4 b3 42.Rb7 b2  0-1

[Event "Warsaw op"]
[Site "Warsaw"]
[Date "1992.??.??"]
[Round "4"]
[White "Khaludrov, Eduard"]
[Black "Dragomarezkij, Evgeni"]
[Result "0-1"]
[WhiteElo "2290"]
[BlackElo "2435"]

1.d4 Nf6 2.c4 e6 3.Nf3 b6 4.g3 Ba6 5.b3 Bb4+ 6.Bd2 Be7 7.Bg2 Bb7 8.Nc3 d5
9.cxd5 exd5 10.O-O O-O 11.Rc1 Na6 12.Ne5 Ba3 13.Rb1 Re8 14.Bg5 Be7 15.Qc1 c6
16.Rd1 Rc8 17.Qb2 Nc7 18.b4 Ne6 19.Be3 Bd6 20.b5 c5 21.Nc4 Bc7 22.dxc5 bxc5
23.Na4 Qe7 24.b6 axb6 25.Ncxb6 Rb8 26.Qa3 d4 27.Bxb7 Bxb6 28.Bc6 dxe3 29.Bxe8 exf2+
30.Kxf2 c4+ 31.Rxb6 Qxa3 32.Rxb8 g6 33.Bc6+ Kg7 34.h3 Nh5  0-1